[Event "TUR-chT 1st League"]
[Site "Denizli"]
[Date "2023.07.14"]
[Round "8.72"]
[White "Dalgar, Hakki Berat"]
[Black "Konduk, Bekir Sami"]
[Result "1-0"]
[WhiteElo "1968"]
[BlackElo "1979"]
[PlyCount "68"]
[EventDate "2023.07.09"]
[EventType "team-swiss"]
[EventRounds "9"]
[EventCountry "TUR"]
[SourceTitle "CBM 215 Extra"]
[Source "ChessBase"]
[SourceDate "2023.09.30"]
[SourceVersion "1"]
[SourceVersionDate "2023.09.30"]
[SourceQuality "1"]
[WhiteTeam "Karaman Saglik"]
[BlackTeam "Varyant Genclik"]
[WhiteTeamCountry "TUR"]
[BlackTeamCountry "TUR"]

1. Nh3 d5 2. g3 Bf5 3. d4 c5 4. c3 Nc6 5. Nf4 e6 6. dxc5 Bxc5 7. Bg2 Nf6 8. 0-0 h5 9. c4 d4 10. Nd3 Be7 11. b4 Be4 12. a3 Bxg2 13. Kxg2 Rc8 14. Nd2 h4 15. Nf3 Ne4 16. Bb2 Bf6 17. Rc1 g5 18. b5 Ne7 19. Nde5 hxg3 20. hxg3 Nf5 21. Ng4 Bg7 22. Qd3 Nc5 23. Qc2 Nh6 24. Nxh6 Rxh6 25. Rh1 Rg6 26. Nxd4 Qf6 27. Ba1 Qe7 28. Rcd1 f5 29. Rh7 Ne4 30. Nxf5 exf5 31. Bxg7 Rxg7 32. Rh8+ Kf7 33. Rxc8 b6 34. c5 Nf6 1-0

[Event "TUR-chT 2nd League"]
[Site "Konya"]
[Date "2019.07.22"]
[Round "1.14"]
[White "Morchiashvili, Bachana"]
[Black "Konduk, Bekir Sami"]
[Result "1-0"]
[WhiteElo "2335"]
[BlackElo "1951"]
[PlyCount "89"]
[EventDate "2019.07.22"]
[EventType "team-swiss"]
[EventRounds "9"]
[EventCountry "TUR"]
[SourceTitle "CBM 191 Extra"]
[Source "ChessBase"]
[SourceDate "2019.09.30"]
[SourceVersion "1"]
[SourceVersionDate "2019.09.30"]
[SourceQuality "1"]
[WhiteTeam "Altin Hamle Corum"]
[BlackTeam "Cesme Belediye"]
[WhiteTeamCountry "TUR"]
[BlackTeamCountry "TUR"]

1. d4 Nf6 2. Nf3 e6 3. e3 Nc6 4. c4 Bb4+ 5. Nbd2 0-0 6. Bd3 d6 7. 0-0 Bxd2 8. Bxd2 e5 9. d5 Ne7 10. e4 Bg4 11. h3 Bh5 12. g4 Bg6 13. Qe2 a5 14. Nh4 Nd7 15. Kh2 f6 16. Rg1 Nc5 17. Rg3 Nxd3 18. Qxd3 Be8 19. Rag1 g5 20. Nf5 Nxf5 21. gxf5 h6 22. h4 Rf7 23. hxg5 hxg5 24. Bxg5 Kf8 25. Bh4 Rh7 26. Rg8+ Ke7 27. R1g7+ Rxg7 28. Rxg7+ Bf7 29. Qg3 Qh8 30. Kg2 Qh6 31. Qg6 Qxg7 32. Qxg7 Rg8 33. Bxf6+ Kd7 34. Qxg8 Bxg8 35. Kg3 c6 36. f4 exf4+ 37. Kxf4 b5 38. dxc6+ Kxc6 39. cxb5+ Kxb5 40. b3 Kc6 41. Bc3 a4 42. bxa4 Bxa2 43. Kg5 Bb1 44. f6 Kd7 45. f7 1-0

[Event "Istanbul op-A"]
[Site "Istanbul"]
[Date "2018.09.03"]
[Round "3"]
[White "Sarikavak, Serdar Ihsan"]
[Black "Konduk, Bekir Sami"]
[Result "1-0"]
[WhiteElo "1798"]
[BlackElo "1942"]
[PlyCount "72"]
[EventDate "2018.09.02"]
[EventType "swiss"]
[EventRounds "9"]
[EventCountry "TUR"]
[SourceTitle "CBM 186 Extra"]
[Source "ChessBase"]
[SourceDate "2018.08.24"]
[SourceVersion "1"]
[SourceVersionDate "2018.08.24"]
[SourceQuality "1"]

1. e4 d5 2. exd5 Nf6 3. Nc3 Nxd5 4. Bc4 c6 5. d4 Bf5 6. Nge2 e6 7. Nxd5 cxd5 8. Bd3 Bg4 9. 0-0 Bd6 10. f3 Bh5 11. Bf4 Nc6 12. Qd2 Bg6 13. c3 Bxd3 14. Qxd3 0-0 15. Bxd6 Qxd6 16. f4 Ne7 17. g4 f5 18. g5 Qb6 19. Qd2 Nc8 20. Nc1 Nd6 21. Nd3 Ne4 22. Qe2 Qa6 23. Rf3 h6 24. Rh3 hxg5 25. Qh5 g4 26. Qh7+ Kf7 27. Ne5+ Ke8 28. Qxg7 Qd6 29. Rh7 Nf6 30. Qg6+ Kd8 31. Nf7+ Rxf7 32. Rxf7 Ne8 33. Re1 Nc7 34. Qf6+ Ke8 35. Rxc7 Qxc7 36. Rxe6+ Kd7 1-0

[Event "Istanbul op-A"]
[Site "Istanbul"]
[Date "2018.09.02"]
[Round "2"]
[White "Konduk, Bekir Sami"]
[Black "Abishli, Oghuz Vagif"]
[Result "1/2-1/2"]
[WhiteElo "1942"]
[BlackElo "2099"]
[PlyCount "97"]
[EventDate "2018.09.02"]
[EventType "swiss"]
[EventRounds "9"]
[EventCountry "TUR"]
[SourceTitle "CBM 186 Extra"]
[Source "ChessBase"]
[SourceDate "2018.08.24"]
[SourceVersion "1"]
[SourceVersionDate "2018.08.24"]
[SourceQuality "1"]

1. e4 e6 2. Nf3 d5 3. Nc3 Nf6 4. exd5 exd5 5. d4 c6 6. Bg5 Bb4 7. Bd3 Be6 8. 0-0 Nbd7 9. Ne2 h6 10. Bd2 Bxd2 11. Qxd2 0-0 12. h3 Ne4 13. Qf4 g5 14. Qe3 f5 15. Bxe4 dxe4 16. Ne5 Bd5 17. c4 Nxe5 18. cxd5 Nc4 19. Qb3 Na5 20. Qg3 cxd5 21. f4 Nc6 22. fxg5 Qxg5 23. Qb3 Rad8 24. Kh1 f4 25. Qxb7 Rd6 26. Rac1 Rg6 27. Rg1 Na5 28. Qc7 Nc4 29. Rcf1 Rg7 30. Qc6 Ne3 31. Rf2 Qh4 32. Qe6+ Kh7 33. g3 Rf6 34. gxh4 Rxg1+ 35. Kxg1 Rxe6 36. Rxf4 Rg6+ 37. Kf2 Nd1+ 38. Ke1 Nxb2 39. Rf7+ Rg7 40. Rxg7+ Kxg7 41. Nc3 Nd3+ 42. Kd2 Nf4 43. Ke3 Ng2+ 44. Kf2 Nxh4 45. Nxd5 Nf5 46. Nc3 Nxd4 47. Nxe4 Kg6 48. Ke3 Nc6 49. Kf4 1/2-1/2

[Event "Ankara Baskent Univ op-A 3rd"]
[Site "Ankara"]
[Date "2018.08.28"]
[Round "2"]
[White "Konduk, Bekir Sami"]
[Black "Haznedaroglu, Kivanc"]
[Result "0-1"]
[WhiteElo "1942"]
[BlackElo "2458"]
[PlyCount "82"]
[EventDate "2018.08.27"]
[EventType "swiss"]
[EventRounds "9"]
[EventCountry "TUR"]
[SourceTitle "CBM 187 Extra"]
[Source "ChessBase"]
[SourceDate "2018.11.04"]
[SourceVersion "1"]
[SourceVersionDate "2018.11.04"]
[SourceQuality "1"]

1. e4 c5 2. b3 d6 3. Bb2 Nf6 4. Bb5+ Nbd7 5. Nc3 a6 6. Bxd7+ Bxd7 7. d4 Qa5 8. f3 e6 9. d5 exd5 10. exd5 0-0-0 11. Nge2 g5 12. Qd2 Rg8 13. 0-0-0 h5 14. Kb1 Rg6 15. Qd3 b5 16. Ng3 h4 17. Nf5 Kb8 18. Ne3 Nh5 19. g4 Nf4 20. Qd2 Bg7 21. Ne4 Qxd2 22. Rxd2 Bxb2 23. Kxb2 Re8 24. Nf5 Kc7 25. c4 bxc4 26. bxc4 Re5 27. Ne3 Rg8 28. Kc2 Rge8 29. h3 Rxe4 30. fxe4 Rxe4 31. Ng2 Rxc4+ 32. Kb3 Bb5 33. a3 Nxg2 34. Rxg2 Rf4 35. Rd2 Rf3+ 36. Kb2 Bf1 37. Rhh2 Bxh3 38. Rhf2 Bxg4 39. Rg2 f5 40. Rde2 Rg3 41. Re7+ Kd8 0-1

[Event "Istanbul op"]
[Site "Istanbul"]
[Date "2014.09.01"]
[Round "1"]
[White "Atakisi, Umut"]
[Black "Konduk, Bekir Sami"]
[Result "1-0"]
[WhiteElo "2343"]
[BlackElo "1882"]
[PlyCount "61"]
[EventDate "2014.09.01"]
[EventType "swiss"]
[EventRounds "9"]
[EventCountry "TUR"]
[SourceTitle "CBM 162 Extra"]
[Source "ChessBase"]
[SourceDate "2014.10.17"]
[SourceVersion "1"]
[SourceVersionDate "2014.10.17"]
[SourceQuality "1"]

1. e4 c5 2. Nf3 e6 3. g3 a6 4. Bg2 b5 5. 0-0 Bb7 6. Re1 Nf6 7. e5 Nd5 8. d4 Qb6 9. c3 Nc6 10. a4 Rc8 11. axb5 axb5 12. Na3 cxd4 13. cxd4 Bb4 14. Re4 Na5 15. Rg4 Bf8 16. Bf1 Bc6 17. Ng5 h6 18. Ne4 h5 19. Rh4 g6 20. Bg5 b4 21. Nb1 Be7 22. Bxe7 Kxe7 23. Nd6 Ra8 24. Nd2 g5 25. Rxh5 Qxd4 26. Rxa5 Ne3 27. Qe2 Nxf1 28. Rxh8 Rxh8 29. Nxf1 Rg8 30. Qh5 Rg6 31. Qh8 1-0